Catálogo
 En Linea

De todo un poco : (Registro nro. 17323)

Detalles MARC
000 -CABECERA
campo de control de longitud fija 00812nam a2200217 a 4500
001 - NÚMERO DE CONTROL
campo de control 000017798
005 - FECHA Y HORA DE LA ÚLTIMA TRANSACCIÓN
campo de control 20240530073934.0
008 - DATOS DE LONGITUD FIJA--INFORMACIÓN GENERAL
campo de control de longitud fija 100406s1963 dr r 000 0 spa d
040 ## - FUENTE DE LA CATALOGACIÓN
Centro catalogador/agencia de origen DO-SdBNP
Lengua de catalogación spa
Centro/agencia transcriptor BNPHU
082 ## - NÚMERO DE LA CLASIFICACIÓN DECIMAL DEWEY
Número de clasificación RD868.303
Número de documento/Ítem G216d, 1963
100 1# - ENTRADA PRINCIPAL--NOMBRE DE PERSONA
Nombre de persona García Gómez, Aristides
9 (RLIN) 38692
245 10 - MENCIÓN DE TÍTULO
Título De todo un poco :
Resto del título colección de artículos cortos /
Mención de responsabilidad, etc. Aristides García Gómez.
250 ## - MENCIÓN DE EDICIÓN
Mención de edición 2a. ed. aumentada y conmemorativa del centenario del nacimiento de su autor, 1863-1963.
260 ## - PUBLICACIÓN, DISTRIBUCIÓN, ETC.
Lugar de publicación, distribución, etc. Santo Domingo :
Nombre del editor, distribuidor, etc. Montalvo,
Fecha de publicación, distribución, etc. 1963.
300 ## - DESCRIPCIÓN FÍSICA
Extensión 301 p. ;
Dimensiones 25 cm.
500 ## - NOTA GENERAL
Nota general Incluye referencias bibliográficas y notas al pie de las páginas.
590 ## - NOTA LOCAL (RLIN)
Nota local Inventariado, 2018/MFF
650 #0 - PUNTO DE ACCESO ADICIONAL DE MATERIA--TÉRMINO DE MATERIA
Término de materia o nombre geográfico como elemento de entrada Literatura dominicana.
9 (RLIN) 67
650 #0 - PUNTO DE ACCESO ADICIONAL DE MATERIA--TÉRMINO DE MATERIA
Término de materia o nombre geográfico como elemento de entrada Ensayos dominicanos
9 (RLIN) 65
910 ## - DATOS DE OPCIÓN DEL USUARIO (OCLC)
Datos de opción del usuario Inventariado, 2018/MFF
Existencias
Estado de retiro Estado de pérdida No para préstamo Código de colección Localización permanente Ubicación/localización actual Ubicación en estantería Fecha de adquisición Número de inventario Total de préstamos Signatura topográfica completa Código de barras Fecha visto por última vez Precio válido a partir de Tipo de ítem Koha Nota pública Número de copia Restricciones de uso
    Excluido de préstamo Patrimonio Dominicano General General Depósito 06.04.2010 LF1   RD868.303 G216d, 1963 17798-10 25.06.2020 25.06.2020 Libro y Folleto Colección Patrimonio Dominicano Perteneció a la biblioteca personal de Martínez Boog.    
    Excluido de préstamo Patrimonio Dominicano General General Depósito 06.04.2010 LF1   RD868.303 G216d, 1963 17798-20 25.06.2020 25.06.2020 Libro y Folleto Colección Patrimonio Dominicano Perteneció a la biblioteca personal de Germán Emilio Ornes. e. 2  
      Dominicana de Servicio General General Depósito 06.04.2010 LF1   RD868.303 G216d, 1963 17798-30 25.06.2020 25.06.2020 Libro y Folleto Colección Dominicana de Servicio   e. 3  
      Dominicana de Servicio General General Depósito 05.08.2011 LF1   RD868.303 G216d, 1963 17798-40 25.06.2020 25.06.2020 Libro y Folleto Colección Dominicana de Servicio   e. 4  
      Dominicana de Servicio General General Depósito 05.08.2011 LF1   RD868.303 G216d, 1963 17798-50 25.06.2020 25.06.2020 Libro y Folleto Colección Dominicana de Servicio   e. 5  

Con tecnología Koha